000 01332nam a22003257a 4500
003 OSt
005 20230616081857.0
008 221006b |||||||| |||| 00| 0 eng d
040 _cBiblioteca Lado V
082 _a709.05
_bG851a
100 _9855
_aGriffin, Tim
_eeditor
245 _aArtforum/
_bInternacional/
260 _aNew York
_c2001
_bNew York editorial and business offices
300 _c26.5x27cm
_a160p.
366 _eeng
490 _aMarzo
_v2001
_x0864-1315
505 _tLetters
505 _tCOLUMNS
_aBooks Film Hotlist News Top Ten
505 _tFeatures
_aThe Hole Truth Net Gains: A Roundtable on New-Media Art A Thousand Words: Vincent Fecteau Shroud of Truro: The Art of Matthew Benedict Openings: Chris Verene
505 _tReviews
650 _2Tesauro de Arte & Arquitectura
_aARTE COMTEMPORANEO
_9703
650 _2Tesauro de Arte & Arquitectura
_aFOTOGRAFIA
_9702
650 _2Tesauro de Arte & Arquitectura
_aARTE VISUAL
_9702
650 _2Tesauro de Arte & Arquitectura
_aLIBROS
650 _2Tesauro de Arte & Arquitectura
_aNOTICIAS
650 _2 Tesauro de Arte & Arquitectura
_aARTE INTERNACIONAL
650 _2 Tesauro de Arte & Arquitectura
_aESCULTURA
700 _aNavarreta, Jose Antonio
_eeditor
942 _2ddc
_c1
_h709.05
_iG851a
_n0
999 _c3845
_d3845